| 000 | 01419namaa22003251i 4500 | ||
|---|---|---|---|
| 005 | 20260422095612.0 | ||
| 008 | 260422s1995 ua a|||frm||| 000 0 eng d | ||
| 040 |
_aEG-GICUC _beng _cEG-GICUC _dEG-GICUC _erda |
||
| 041 | 0 |
_aeng _beng _bara |
|
| 049 | _aDeposit | ||
| 097 | _aM.Sc | ||
| 099 | _aCai01.07.01.M.Sc.1995.Mo.E | ||
| 100 | 0 |
_aMahmoud El Gouhary Ragab Mekel, _epreparation. |
|
| 245 | 1 | 0 |
_aEffect of water stress on growth yield and yield components of some maize varieties / _cBy Mahmoud El Gouhary Ragab Mekel ; Supervised Dr. Ahmed H. El-Hattab, Dr. N.A. Khalil, Dr. M.S. Abdl-Raouf |
| 246 | 1 | 5 | _aتأثير الاجهاد المائي علي نمو ومحصول بعض أصناف الذرة الشامية |
| 264 | 0 | _c1995. | |
| 300 |
_a136 Leaves _billustrations _c30 cm. + |
||
| 336 |
_2rda content _atext |
||
| 337 |
_2rdamedia _aUnmediated |
||
| 338 |
_2rdacarrier _avolume |
||
| 502 | _aThesis (M.Sc.)-Cairo University, 1995 | ||
| 504 | _aBibliography: pages 123-136 | ||
| 653 | 0 |
_a growth yield and yield components of some maize varieties _amaize varieties |
|
| 700 | 0 |
_aAhmed H. El-Hattab _ethesis advisor. |
|
| 700 | 0 |
_aN.A. Khalil _ethesis advisor. |
|
| 700 | 0 |
_aM.S. Abdl-Raouf _ethesis advisor. |
|
| 900 |
_DDepartment of Agronomy _FFaculty of Agriculture _UCairo University _b1995 _cAhmed H. El-Hattab _cN.A. Khalil _cM.S. Abdl-Raouf |
||
| 905 | _aNehad | ||
| 942 |
_2ddc _cTH _e21 _n0 |
||
| 999 | _c179660 | ||